| 000 | 00606nam a22001577a 4500 | ||
|---|---|---|---|
| 008 | 160513b xxu||||| |||| 00| 0 eng d | ||
| 082 |
_22015 _aUT 0585 _bR86 |
||
| 100 |
_98075 _aRulida, Leonardo S. _bJr. |
||
| 245 |
_aProjecting college and grade 11 students population of UMDC for the S.Y. 2016-2017/ _cLeonardo S. Rulida Jr., Jerald E. Torres and Ian Dave J. Abad. |
||
| 260 |
_aDigos City: _bUMDC _cAugust 2015. |
||
| 300 |
_a78 pages; _c29 cm. |
||
| 650 | 0 |
_98074 _aEducation _xMathematics _yUndergraduate thesis. |
|
| 700 |
_98071 _aTorres, Jerald E. |
||
| 700 |
_98072 _aAbad, Ian Dave J. |
||
| 942 |
_2ddc _cUT |
||
| 999 |
_c2446 _d2446 |
||